[Event "Berlin Lichtenberger op 18th"]
[Site "Berlin"]
[Date "2019.08.20"]
[Round "4"]
[White "Keusch, Horst"]
[Black "Korell, Klaus Peter"]
[Result "1/2-1/2"]
[WhiteElo "2001"]
[BlackElo "1816"]
[PlyCount "94"]
[EventDate "2019.08.17"]
[EventType "swiss"]
[EventRounds "9"]
[EventCountry "GER"]
[SourceTitle "EXT 2020"]
[Source "ChessBase"]
[SourceDate "2019.10.17"]
[SourceVersion "1"]
[SourceVersionDate "2019.10.17"]
[SourceQuality "1"]

1. f4 d5 2. Nf3 Nf6 3. g3 Bf5 4. Bg2 Qc8 5. 0-0 Bh3 6. d3 Bxg2 7. Kxg2 c5 8. c3 Nc6 9. Qc2 e6 10. e4 Be7 11. e5 Ng4 12. h3 Nh6 13. Qf2 Qd7 14. Be3 b6 15. Na3 Nf5 16. Nc2 Nxe3+ 17. Qxe3 0-0 18. d4 cxd4 19. Ncxd4 Bc5 20. Rad1 Bxd4 21. cxd4 Rac8 22. Rd2 Ne7 23. g4 Rc4 24. Qd3 g6 25. h4 Rfc8 26. Kh2 Qc7 27. Rff2 Rc1 28. Rg2 Qc4 29. Qa3 Rc7 30. Qe3 Kg7 31. a3 Qa4 32. f5 exf5 33. Qg5 fxg4 34. Qf6+ Kg8 35. Ng5 Nf5 36. Qd8+ Kg7 37. Rxg4 Qd7 38. Qf6+ Kg8 39. Nf3 Ng7 40. Rgg2 Qe7 41. Qf4 Ne6 42. Qg4 Qf8 43. Ng5 Nxg5 44. hxg5 Qc8 45. Qf4 R1c2 46. Kg3 Rxd2 47. Rxd2 Rc1 1/2-1/2

[Event "Berlin Lichtenberger op 18th"]
[Site "Berlin"]
[Date "2019.08.18"]
[Round "2"]
[White "Krawatzki, Armin"]
[Black "Korell, Klaus Peter"]
[Result "1/2-1/2"]
[WhiteElo "1637"]
[BlackElo "1816"]
[PlyCount "61"]
[EventDate "2019.08.17"]
[EventType "swiss"]
[EventRounds "9"]
[EventCountry "GER"]
[SourceTitle "EXT 2020"]
[Source "ChessBase"]
[SourceDate "2019.10.17"]
[SourceVersion "1"]
[SourceVersionDate "2019.10.17"]
[SourceQuality "1"]

1. d4 Nf6 2. Nc3 d5 3. Bf4 e6 4. e3 Bd6 5. Bg3 0-0 6. Nf3 a6 7. Bd3 Qe7 8. 0-0 b5 9. Re1 Bxg3 10. hxg3 Bb7 11. e4 dxe4 12. Nxe4 Nxe4 13. Bxe4 Bxe4 14. Rxe4 Rd8 15. Qe2 Rd5 16. c4 bxc4 17. Qxc4 Qd6 18. Rc1 Ra7 19. Qa4 Qd7 20. Qc2 Qb5 21. Re3 Qe8 22. Rc3 c6 23. Qa4 f6 24. Qc2 Rb7 25. Re1 Re7 26. Rc5 Rxc5 27. dxc5 Rd7 28. Qc4 Rd5 29. Nd4 Re5 30. Rxe5 fxe5 31. Nxe6 1/2-1/2

[Event "Berlin Lichtenberger op 18th"]
[Site "Berlin"]
[Date "2019.08.17"]
[Round "1"]
[White "Korell, Klaus Peter"]
[Black "Figura, Atila Gajo"]
[Result "0-1"]
[WhiteElo "1816"]
[BlackElo "2394"]
[PlyCount "90"]
[EventDate "2019.08.17"]
[EventType "swiss"]
[EventRounds "9"]
[EventCountry "GER"]
[SourceTitle "EXT 2020"]
[Source "ChessBase"]
[SourceDate "2019.10.17"]
[SourceVersion "1"]
[SourceVersionDate "2019.10.17"]
[SourceQuality "1"]

1. d4 Nf6 2. c4 b6 3. Nc3 Bb7 4. Qc2 e6 5. e4 d5 6. cxd5 exd5 7. e5 Nfd7 8. Nf3 Be7 9. Bd3 Nf8 10. 0-0 Ne6 11. Be3 g6 12. a3 0-0 13. b4 c6 14. Ne2 Qc8 15. Nf4 Ba6 16. Rfc1 Bxd3 17. Nxd3 Qd7 18. Qd2 a5 19. Nf4 axb4 20. Nxe6 fxe6 21. axb4 Na6 22. Rab1 Rfc8 23. Ne1 Nc7 24. Nd3 Nb5 25. Ra1 Na3 26. Nb2 Nc4 27. Nxc4 dxc4 28. Rxa8 Rxa8 29. Rxc4 Ra1+ 30. Rc1 Rxc1+ 31. Qxc1 Bxb4 32. Qc4 Bf8 33. h3 b5 34. Qa2 Kf7 35. Qb2 b4 36. Kf1 c5 37. Ke1 c4 38. Qe2 Qd5 39. Qf3+ Qxf3 40. gxf3 Ke8 41. Kd2 Kd7 42. Bg5 Kc6 43. Bd8 Kd5 44. Bb6 b3 45. Kc3 Bb4+ 0-1

[Event "Berlin Lieb Memorial 5th"]
[Site "Berlin"]
[Date "2019.05.17"]
[Round "3"]
[White "Heerde, Thomas"]
[Black "Korell, Klaus Peter"]
[Result "1-0"]
[WhiteElo "2027"]
[BlackElo "1852"]
[PlyCount "77"]
[EventDate "2019.05.03"]
[EventType "swiss"]
[EventRounds "7"]
[EventCountry "GER"]
[SourceTitle "EXT 2020"]
[Source "ChessBase"]
[SourceDate "2019.10.17"]
[SourceVersion "1"]
[SourceVersionDate "2019.10.17"]
[SourceQuality "1"]

1. e4 e6 2. d3 d5 3. Nd2 c5 4. Ngf3 Nc6 5. g3 g6 6. Bg2 Bg7 7. 0-0 Nge7 8. c3 0-0 9. Re1 Qc7 10. Qe2 Rd8 11. e5 h6 12. h4 b5 13. Nf1 Bb7 14. N1h2 Kh7 15. Bf4 Ng8 16. Rac1 Qb6 17. g4 Rac8 18. h5 Nce7 19. hxg6+ Nxg6 20. Bg3 N8e7 21. Nh4 Re8 22. N2f3 Nxh4 23. Nxh4 Ng6 24. Nf3 Rh8 25. d4 cxd4 26. Nxd4 b4 27. Bf1 a6 28. f4 Rhe8 29. Qh2 Kg8 30. f5 exf5 31. gxf5 Nh8 32. Bf2 Qd8 33. f6 Bf8 34. Nf5 Kh7 35. Be3 Qd7 36. Nxh6 d4 37. Nxf7+ Kg8 38. Qxh8+ Kxf7 39. Qh7+ 1-0

[Event "Berlin Lieb Memorial 5th"]
[Site "Berlin"]
[Date "2019.05.03"]
[Round "1"]
[White "Morczynski, Ryszard"]
[Black "Korell, Klaus Peter"]
[Result "0-1"]
[WhiteElo "1336"]
[BlackElo "1852"]
[PlyCount "44"]
[EventDate "2019.05.03"]
[EventType "swiss"]
[EventRounds "7"]
[EventCountry "GER"]
[SourceTitle "EXT 2020"]
[Source "ChessBase"]
[SourceDate "2019.10.17"]
[SourceVersion "1"]
[SourceVersionDate "2019.10.17"]
[SourceQuality "1"]

1. e4 e6 2. d4 d5 3. Nc3 Bb4 4. Bd2 dxe4 5. Nxe4 Bxd2+ 6. Qxd2 Nf6 7. f3 Nxe4 8. fxe4 Qh4+ 9. Ke2 Qxe4+ 10. Kf2 Nc6 11. Bb5 Qf5+ 12. Nf3 Qxb5 13. Rhe1 0-0 14. c4 Qxc4 15. Re4 e5 16. Rc1 Qd5 17. Ng5 exd4 18. Rh4 Bf5 19. g4 Bg6 20. b4 Nxb4 21. Nxh7 Bxh7 22. Qxb4 Qg5 0-1

[Event "Berlin Eckbauer op 21st"]
[Site "Berlin"]
[Date "2018.10.08"]
[Round "1"]
[White "Riess, Bernhard"]
[Black "Korell, Klaus Peter"]
[Result "1/2-1/2"]
[WhiteElo "1551"]
[BlackElo "1851"]
[PlyCount "74"]
[EventDate "2018.10.08"]
[EventType "swiss"]
[EventRounds "7"]
[EventCountry "GER"]
[SourceTitle "CBM 189 Extra"]
[Source "ChessBase"]
[SourceDate "2019.06.03"]
[SourceVersion "1"]
[SourceVersionDate "2019.06.03"]
[SourceQuality "1"]

1. d4 Nf6 2. c4 e6 3. Nc3 d5 4. cxd5 exd5 5. Nf3 c6 6. Bg5 Bd6 7. e3 Nbd7 8. Be2 0-0 9. 0-0 Re8 10. Rc1 Qb6 11. Bxf6 Nxf6 12. Qc2 Bg4 13. h3 Bh5 14. Ne1 Bxe2 15. Qxe2 Re6 16. Nf3 h6 17. a3 Rae8 18. b4 a6 19. Na4 Qb5 20. Qxb5 axb5 21. Nc5 R6e7 22. Ra1 Ra8 23. Rfc1 Ne4 24. Rc2 Rc7 25. Nd2 Bxc5 26. dxc5 Nxd2 27. Rxd2 Re7 28. Kf1 Re4 29. Rd4 Rxd4 30. exd4 f6 31. f4 f5 32. Kf2 Kf7 33. Ra2 Kf6 34. Kf3 g6 35. g3 h5 36. h4 Re8 37. Rd2 Re4 1/2-1/2

[Event "Berlin Lichtenberger op 17th"]
[Site "Berlin"]
[Date "2018.08.25"]
[Round "8"]
[White "Meyer Dunker, Paul"]
[Black "Korell, Klaus Peter"]
[Result "1-0"]
[WhiteElo "2017"]
[BlackElo "1847"]
[PlyCount "47"]
[EventDate "2018.08.18"]
[EventType "swiss"]
[EventRounds "9"]
[EventCountry "GER"]
[SourceTitle "CBM 186 Extra"]
[Source "ChessBase"]
[SourceDate "2018.08.24"]
[SourceVersion "1"]
[SourceVersionDate "2018.08.24"]
[SourceQuality "1"]

1. e4 e6 2. d4 d5 3. e5 c5 4. c3 Nc6 5. Be3 Qb6 6. Qd2 cxd4 7. cxd4 Bb4 8. Nc3 Nge7 9. Nf3 Bd7 10. Rc1 Rc8 11. Bd3 Na5 12. 0-0 Nc4 13. Qe2 Qa5 14. Ng5 g6 15. Qf3 Nf5 16. g4 Nh6 17. Qf6 Rg8 18. Nxh7 Nxg4 19. Qh4 Ncxe3 20. fxe3 Rg7 21. Qxg4 Rxh7 22. Bxg6 Rg7 23. Bxf7+ Rxf7 24. Rxf7 1-0

[Event "Berlin Lichtenberger op 17th"]
[Site "Berlin"]
[Date "2018.08.24"]
[Round "7"]
[White "Korell, Klaus Peter"]
[Black "Schwager, Thomas"]
[Result "1-0"]
[WhiteElo "1847"]
[BlackElo "1628"]
[PlyCount "69"]
[EventDate "2018.08.18"]
[EventType "swiss"]
[EventRounds "9"]
[EventCountry "GER"]
[SourceTitle "CBM 186 Extra"]
[Source "ChessBase"]
[SourceDate "2018.08.24"]
[SourceVersion "1"]
[SourceVersionDate "2018.08.24"]
[SourceQuality "1"]

1. d4 d5 2. c4 e6 3. Nf3 Nf6 4. g3 Bb4+ 5. Bd2 Bd6 6. Nc3 c6 7. cxd5 exd5 8. Bg2 0-0 9. 0-0 Bf5 10. Bg5 h6 11. Bxf6 Qxf6 12. Qd2 Nd7 13. Nh4 Bh7 14. e4 dxe4 15. Nxe4 Bxe4 16. Bxe4 Nb6 17. Rad1 Rfd8 18. Bb1 g5 19. Nf5 Nd5 20. a3 Bc7 21. Qe2 Bd6 22. Rd2 Bf8 23. Qh5 Kh8 24. Kg2 Qg6 25. Qf3 g4 26. Qd3 h5 27. Re1 Bg7 28. Qb3 Qg5 29. Qc2 Bf6 30. Nd6 Qg7 31. Nxb7 Rdb8 32. Qxc6 Nb6 33. Qe4 Qh6 34. Nd6 Kg7 35. Nf5+ 1-0

[Event "Berlin Lieb Memorial 4th"]
[Site "Berlin"]
[Date "2018.06.07"]
[Round "4"]
[White "Brustkern, Juergen"]
[Black "Korell, Klaus Peter"]
[Result "1-0"]
[WhiteElo "2239"]
[BlackElo "1851"]
[PlyCount "33"]
[EventDate "2018.05.17"]
[EventType "swiss"]
[EventRounds "7"]
[EventCountry "GER"]
[SourceTitle "CBM 189 Extra"]
[Source "ChessBase"]
[SourceDate "2019.06.03"]
[SourceVersion "1"]
[SourceVersionDate "2019.06.03"]
[SourceQuality "1"]

1. e4 e6 2. d4 d5 3. Nc3 Bb4 4. e5 c5 5. a3 Ba5 6. b4 cxd4 7. Nb5 Bc7 8. f4 Nh6 9. Bd3 Bd7 10. Nxc7+ Qxc7 11. Nf3 Nc6 12. 0-0 Nf5 13. Qe1 a6 14. Bd2 0-0 15. g4 Ne3 16. Qh4 g6 17. Ng5 1-0

[Event "Berlin Eckbauer op 20th"]
[Site "Berlin"]
[Date "2017.11.06"]
[Round "4"]
[White "Hankow, Bert Juergen"]
[Black "Korell, Klaus Peter"]
[Result "1/2-1/2"]
[WhiteElo "2018"]
[BlackElo "1852"]
[PlyCount "97"]
[EventDate "2017.10.09"]
[EventType "swiss"]
[EventRounds "7"]
[EventCountry "GER"]
[SourceTitle "CBM 189 Extra"]
[Source "ChessBase"]
[SourceDate "2019.06.03"]
[SourceVersion "1"]
[SourceVersionDate "2019.06.03"]
[SourceQuality "1"]

1. d4 d5 2. c4 e6 3. Nc3 Nf6 4. cxd5 exd5 5. Bg5 Nbd7 6. e3 Be7 7. Bd3 c6 8. Qc2 0-0 9. Nf3 Re8 10. 0-0 Nf8 11. Rae1 Be6 12. Nd2 N6d7 13. Bf4 c5 14. Nb5 cxd4 15. Bc7 Qc8 16. Nxd4 Nf6 17. Rc1 a6 18. N2f3 Bd8 19. Nxe6 fxe6 20. Be5 Be7 21. Bd4 N6d7 22. Ne5 Nxe5 23. Bxe5 Qd7 24. Qe2 Rac8 25. Qg4 Bd6 26. Bc3 Qe7 27. e4 dxe4 28. Bxe4 Rc5 29. Bd2 Rec8 30. Rxc5 Rxc5 31. Be3 Rc8 32. g3 Be5 33. b3 Bf6 34. Rd1 Rc7 35. Qh3 Rd7 36. Qf1 Qd8 37. Rxd7 Qxd7 38. Qd3 Qxd3 39. Bxd3 Bd8 40. Kg2 Nd7 41. Be4 b6 42. Bb7 a5 43. Bc8 Nf8 44. Kf3 Kf7 45. Ke4 Ng6 46. h4 h6 47. Kd4 Ne7 48. Bb7 Nf5+ 49. Ke4 1/2-1/2

[Event "Berlin Eckbauer op 20th"]
[Site "Berlin"]
[Date "2017.10.16"]
[Round "2"]
[White "Heerde, Thomas"]
[Black "Korell, Klaus Peter"]
[Result "1/2-1/2"]
[WhiteElo "2008"]
[BlackElo "1852"]
[PlyCount "136"]
[EventDate "2017.10.09"]
[EventType "swiss"]
[EventRounds "7"]
[EventCountry "GER"]
[SourceTitle "CBM 189 Extra"]
[Source "ChessBase"]
[SourceDate "2019.06.03"]
[SourceVersion "1"]
[SourceVersionDate "2019.06.03"]
[SourceQuality "1"]

1. e4 e6 2. d3 d5 3. Nd2 c5 4. Ngf3 Nc6 5. g3 g6 6. Bg2 Bg7 7. 0-0 Nge7 8. Re1 0-0 9. a3 Qc7 10. Rb1 a5 11. exd5 exd5 12. c4 dxc4 13. Nxc4 Ra6 14. Ng5 Bf5 15. Bf4 Qd7 16. Nd6 Nd8 17. Nge4 Ne6 18. Nxf5 Nxf5 19. Be3 Nxe3 20. fxe3 Rd8 21. Bh3 f5 22. Nf2 Rb6 23. Qc2 Qd5 24. g4 fxg4 25. Bxg4 Ng5 26. b3 Rf6 27. Qc4 Nf3+ 28. Bxf3 Rxf3 29. Ne4 b6 30. b4 axb4 31. axb4 Qxc4 32. dxc4 Bf8 33. Kg2 Rf5 34. b5 Bg7 35. Rbd1 Re8 36. Nd6 Rg5+ 37. Kh1 Ra8 38. Re2 Be5 39. Ne4 Rg4 40. Nd2 Ra2 41. Ree1 Bc3 42. Re2 Bxd2 43. Rexd2 Rxd2 44. Rxd2 Rxc4 45. Rd6 Rb4 46. Rxb6 c4 47. Kg2 c3 48. Rc6 Rxb5 49. Rxc3 Rf5 50. e4 Rf4 51. e5 Kf7 52. Rf3 Rxf3 53. Kxf3 Ke6 54. Kf4 h6 55. Ke4 g5 56. Kd4 Ke7 57. Ke3 h5 58. Kf3 Kf7 59. Ke3 Ke7 60. Ke4 Kd7 61. Kd5 g4 62. Ke4 h4 63. Kf4 g3 64. hxg3 hxg3 65. Kxg3 Ke6 66. Kf4 Ke7 67. Ke3 Kd7 68. Kd3 Ke7 1/2-1/2

[Event "Berlin Eckbauer op 19th"]
[Site "Berlin"]
[Date "2016.11.14"]
[Round "5"]
[White "Hasic, Mirza"]
[Black "Korell, Klaus Peter"]
[Result "1/2-1/2"]
[WhiteElo "2027"]
[BlackElo "1867"]
[PlyCount "96"]
[EventDate "2016.10.10"]
[EventType "swiss"]
[EventRounds "7"]
[EventCountry "GER"]
[SourceTitle "EXT 2022"]
[Source "ChessBase"]
[SourceDate "2021.10.06"]
[SourceVersion "1"]
[SourceVersionDate "2021.10.06"]
[SourceQuality "1"]

1. d4 Nf6 2. Nf3 e6 3. c4 d5 4. Nc3 Nbd7 5. cxd5 exd5 6. Bg5 Be7 7. e3 0-0 8. Qc2 c6 9. Bd3 h6 10. Bxf6 Nxf6 11. h3 Re8 12. g4 Bb4 13. g5 Bxc3+ 14. bxc3 Ne4 15. gxh6 g6 16. h7+ Kxh7 17. h4 Bf5 18. h5 g5 19. 0-0-0 Qe7 20. Kb2 f6 21. Nh2 Qe6 22. Rhg1 Nd6 23. Ng4 Rf8 24. Bxf5+ Qxf5 25. Qxf5+ Nxf5 26. Kc2 Rae8 27. Rb1 Rf7 28. Rb4 Ree7 29. Ra4 a6 30. Rd1 Nh6 31. Nh2 Re4 32. c4 Rd7 33. Kd3 Rh4 34. Nf3 Rh3 35. Ke2 Rxh5 36. cxd5 Rxd5 37. e4 Rb5 38. Rd2 g4 39. Ne1 Nf7 40. Ke3 Kg6 41. Kf4 Nh6 42. Rc4 Rhg5 43. Rc3 Nf7 44. Rb3 Nd8 45. Rxb5 axb5 46. Nc2 Ne6+ 47. Kg3 Ng7 48. Ne3 Nh5+ 1/2-1/2

[Event "Berlin Lichtenberger op 15th"]
[Site "Berlin"]
[Date "2016.08.19"]
[Round "7"]
[White "Schilling, Florian"]
[Black "Korell, Klaus Peter"]
[Result "0-1"]
[WhiteElo "1932"]
[BlackElo "1875"]
[PlyCount "86"]
[EventDate "2016.08.13"]
[EventType "swiss"]
[EventRounds "9"]
[EventCountry "GER"]
[SourceTitle "CBM 173 Extra"]
[Source "ChessBase"]
[SourceDate "2016.08.29"]
[SourceVersion "1"]
[SourceVersionDate "2016.08.29"]
[SourceQuality "1"]

1. f4 d5 2. b3 c5 3. Nf3 Nc6 4. Bb2 Bg4 5. d3 Bxf3 6. exf3 e6 7. Nc3 Nf6 8. Qd2 d4 9. Ne4 Nd5 10. a3 Ne3 11. Nf2 Bd6 12. g3 Bc7 13. c3 Qd5 14. Be2 Qxb3 15. Bd1 Qd5 16. h3 e5 17. Ng4 exf4 18. Nxe3 fxe3 19. Qg2 0-0-0 20. 0-0 Rd6 21. cxd4 cxd4 22. Rc1 Rg6 23. f4 Qxg2+ 24. Kxg2 Re8 25. Bf3 Ba5 26. Be2 Kb8 27. Rc4 Bb6 28. a4 Na5 29. Rb4 Rd6 30. Ba3 Bc5 31. Rb5 Bxa3 32. Rxa5 Rc8 33. Ra1 Rc2 34. Kf3 Bb4 35. Rb5 a5 36. Re5 Rdc6 37. Re8+ Ka7 38. Rh8 h6 39. Re8 Rd2 40. Re4 Rcc2 41. Bd1 Rf2+ 42. Kg4 Rcd2 43. Bf3 h5+ 0-1

[Event "Berlin Lieb Memorial 2nd"]
[Site "Berlin"]
[Date "2016.06.16"]
[Round "5"]
[White "Kuehnemann, Gunnar"]
[Black "Korell, Klaus Peter"]
[Result "1/2-1/2"]
[WhiteElo "1749"]
[BlackElo "1895"]
[PlyCount "39"]
[EventDate "2016.05.19"]
[EventType "swiss"]
[EventRounds "7"]
[EventCountry "GER"]
[SourceTitle "EXT 2022"]
[Source "ChessBase"]
[SourceDate "2021.10.06"]
[SourceVersion "1"]
[SourceVersionDate "2021.10.06"]
[SourceQuality "1"]

1. d4 Nf6 2. c4 e6 3. Nf3 d5 4. Bg5 Be7 5. Nc3 Nbd7 6. e3 0-0 7. Qc2 b6 8. cxd5 Nxd5 9. Bxe7 Nxe7 10. Bd3 h6 11. Be4 Rb8 12. 0-0 Bb7 13. Rac1 Bxe4 14. Nxe4 Rc8 15. b4 Nd5 16. a3 Qe7 17. Nc3 Nxc3 18. Qxc3 Qd6 19. Rc2 c6 20. Rfc1 1/2-1/2

[Event "Berlin Eckbauer op 18th"]
[Site "Berlin"]
[Date "2015.11.02"]
[Round "4"]
[White "Korell, Klaus Peter"]
[Black "Jaeger, Andre"]
[Result "1-0"]
[WhiteElo "1895"]
[BlackElo "1969"]
[PlyCount "79"]
[EventDate "2015.10.05"]
[EventType "swiss"]
[EventRounds "7"]
[EventCountry "GER"]
[SourceTitle "EXT 2022"]
[Source "ChessBase"]
[SourceDate "2021.10.06"]
[SourceVersion "1"]
[SourceVersionDate "2021.10.06"]
[SourceQuality "1"]

1. d4 Nf6 2. c4 d6 3. Nc3 Nbd7 4. e4 e5 5. Nf3 g6 6. Be2 Bg7 7. 0-0 0-0 8. d5 Nc5 9. Qc2 a5 10. Bg5 h6 11. Be3 Nh5 12. Nd2 Nf4 13. a3 Nxe2+ 14. Nxe2 f5 15. f3 f4 16. Bf2 a4 17. Nc3 Bd7 18. b4 axb3 19. Nxb3 Nxb3 20. Qxb3 b6 21. Nb5 h5 22. a4 g5 23. Be1 g4 24. Kh1 Bf6 25. Ra2 Rf7 26. a5 Be7 27. axb6 Rxa2 28. Qxa2 cxb6 29. Bb4 g3 30. h3 Rg7 31. Ra1 Bf8 32. Bxd6 Bxd6 33. Nxd6 Ba4 34. Qxa4 Qxd6 35. Qe8+ Qf8 36. Qxe5 Qf7 37. Qd4 Qc7 38. d6 Qc6 39. e5 b5 40. e6 1-0

[Event "Berlin Eckbauer op 18th"]
[Site "Berlin"]
[Date "2015.10.05"]
[Round "1"]
[White "Korell, Klaus Peter"]
[Black "Geist, Wolfgang"]
[Result "1-0"]
[WhiteElo "1895"]
[BlackElo "1537"]
[PlyCount "41"]
[EventDate "2015.10.05"]
[EventType "swiss"]
[EventRounds "7"]
[EventCountry "GER"]
[SourceTitle "EXT 2022"]
[Source "ChessBase"]
[SourceDate "2021.10.06"]
[SourceVersion "1"]
[SourceVersionDate "2021.10.06"]
[SourceQuality "1"]

1. d4 d5 2. c4 c6 3. e3 e6 4. Nf3 Nf6 5. Bd3 Be7 6. 0-0 0-0 7. Nc3 Nbd7 8. b3 a6 9. c5 b6 10. cxb6 Nxb6 11. Bb2 Bb7 12. Rc1 Re8 13. Qe2 a5 14. Ne5 Bd6 15. f4 Bxe5 16. fxe5 Nfd7 17. Qh5 g6 18. Qh6 Nf8 19. Rf6 Nbd7 20. Rcf1 Nxf6 21. exf6 1-0

[Event "Berlin Lichtenberger op 13th"]
[Site "Berlin"]
[Date "2014.08.20"]
[Round "5"]
[White "Schulz, Wolfgang"]
[Black "Korell, Klaus Peter"]
[Result "0-1"]
[WhiteElo "2074"]
[BlackElo "1901"]
[PlyCount "152"]
[EventDate "2014.08.16"]
[EventType "swiss"]
[EventRounds "9"]
[EventCountry "GER"]
[SourceTitle "CBM 161 Extra"]
[Source "ChessBase"]
[SourceDate "2014.08.29"]
[SourceVersion "1"]
[SourceVersionDate "2014.08.29"]
[SourceQuality "1"]

1. e4 e6 2. d3 d5 3. Nd2 c5 4. Ngf3 Nc6 5. g3 g6 6. Bg2 Bg7 7. 0-0 Nge7 8. Re1 Qc7 9. c3 0-0 10. Qe2 dxe4 11. dxe4 e5 12. a4 a5 13. Nc4 b6 14. Na3 Na7 15. Bd2 Be6 16. Nc4 h6 17. Rec1 Nec6 18. Rab1 Rab8 19. b4 Rfd8 20. b5 Ne7 21. Rd1 Rd7 22. Be1 Rbd8 23. Ne3 c4 24. Rxd7 Rxd7 25. Rd1 Rxd1 26. Qxd1 Nac8 27. Bf1 Nd6 28. Nd2 Qc5 29. Qe2 Nec8 30. Nexc4 Nxc4 31. Nxc4 Nd6 32. Nxd6 Qxd6 33. Qc2 Qa3 34. c4 Bf8 35. Bc3 Bd6 36. Bb2 Qb4 37. Kg2 Kh7 38. Be2 h5 39. Bc1 Bc5 40. Bd2 Qa3 41. Bd1 Bd4 42. f4 Qc5 43. Be2 Bg1 44. Be1 exf4 45. gxf4 Be3 46. Bg3 Kh6 47. h4 Qa3 48. f5 Bc8 49. fxg6 fxg6 50. Qd3 Qxd3 51. Bxd3 Kg7 52. Kf3 Bd4 53. e5 Bc5 54. Be1 Bg4+ 55. Kf4 Bd1 56. Bc3 Kf7 57. Be4 Bxa4 58. Bd5+ Kf8 59. e6 Bc2 60. Be4 Bxe4 61. Kxe4 Ke7 62. Ke5 a4 63. Bd2 a3 64. Bg5+ Ke8 65. Kd5 Be7 66. Bc1 a2 67. Bb2 Bxh4 68. c5 bxc5 69. Kc4 Bd8 70. Kb3 Ke7 71. Kxa2 Kxe6 72. Kb3 Kd5 73. Bc3 g5 74. Be1 h4 75. Kc2 c4 76. Bf2 h3 0-1